[Event "Miedzywojewodzkie Mistrzostwa Juniorow O"]
[Site "Pokrzywna"]
[Date "2025.??.??"]
[Round "1.1"]
[White "Nowara, Hanna"]
[Black "Sokola, Julia"]
[Result "0-1"]
[WhiteElo "1439"]
[BlackElo "1419"]
[PlyCount "100"]
[EventDate "2025.??.??"]

{[%evp 0,100,23,39,63,14,14,-38,-25,-15,-23,-1,10,-32,-8,-34,15,13,0,1,2,15,8,
4,38,26,38,-8,1,-8,-16,-22,-16,-16,-22,-12,-12,-30,5,-83,-67,-60,-85,-77,-88,
-160,-149,-166,-157,-161,-173,-190,-194,-209,-226,-228,-251,-360,-398,-401,
-304,-424,-287,-329,-225,-317,-214,-195,-326,-320,-292,-800,-876,-1042,-1290,
-1290,-1039,-1324,-938,-1237,-1075,-1164,-1172,-1213,-1163,-1405,-1427,-1548,
-1380,-1548,-1888,-1885,-1882,-1882,-1460,-1460,-877,-1760,-1575,-1575,-1296,
-2000,-2485]} 1. e4 c5 2. c3 d5 3. exd5 Qxd5 4. d4 Nc6 5. Nf3 Bf5 6. Be2 Nf6 7.
O-O cxd4 8. cxd4 Bxb1 9. Rxb1 e6 10. a3 Bd6 11. h3 Bc7 12. Be3 Bb6 13. Qd3 Rd8
14. Rfd1 O-O 15. Rd2 Ne4 16. Rdd1 Nd6 17. Rbc1 Nf5 18. Qc4 Qd6 19. Qd3 Nfxd4
20. Nxd4 Nxd4 21. Bxd4 Bxd4 22. Qe4 Qb6 23. Rf1 Qxb2 24. Rb1 Qxa3 25. Qxb7 a5
26. Rfd1 Qa2 27. Qe4 a4 28. Rb4 Bxf2+ 29. Kf1 Bg3 30. Qf3 Bc7 31. Rc1 Rd7 32.
Bb5 Qd2 33. Rbb1 Rd5 34. Rd1 Qa2 35. Rdc1 Rf5 36. Ra1 Rxf3+ 37. gxf3 Qb2 38.
Rcb1 Qc3 39. Be2 Ra8 40. Rc1 Qe5 41. Rab1 a3 42. Rb5 Qh2 43. Rbc5 Qh1+ 44. Kf2
Qh2+ 45. Kf1 Qxh3+ 46. Ke1 a2 47. Rxc7 g6 48. Ra1 Qh1+ 49. Bf1 Qh2 50. Rb7 Qe5+
0-1

[Event "Miedzywojewodzkie Mistrzostwa Juniorow O"]
[Site "Pokrzywna"]
[Date "2025.??.??"]
[Round "1.2"]
[White "Staszczyszyn, Marta"]
[Black "Bednarczuk, Alicja"]
[Result "1-0"]
[WhiteElo "1527"]
[BlackElo "1410"]
[PlyCount "133"]
[EventDate "2025.??.??"]

{[%evp 0,133,28,37,57,58,68,-11,108,10,31,18,82,46,108,64,66,47,47,0,0,2,9,-33,
43,18,8,27,15,4,38,39,40,30,25,54,51,15,44,40,38,25,23,15,63,31,33,37,97,97,97,
86,82,30,40,44,54,46,64,42,77,63,59,35,68,28,42,44,64,59,72,36,45,29,42,40,40,
38,45,52,45,45,42,55,69,78,74,85,84,90,86,84,75,80,86,62,73,73,78,75,83,74,74,
81,75,61,76,82,77,77,72,75,118,118,118,115,118,131,124,124,124,118,158,124,118,
155,153,151,193,241,299,308,317,355,361,270]} 1. d4 c5 2. Nf3 cxd4 3. Nxd4 g6
4. c4 Bg7 5. Nc3 Qc7 6. e3 Nc6 7. Nd5 Qd8 8. Nb5 Rb8 9. Ndc7+ Kf8 10. Nd5 a6
11. Nd4 Nxd4 12. exd4 Nf6 13. Nc3 d6 14. Be2 Bf5 15. O-O Kg8 16. Bf4 Rc8 17.
Qb3 Qd7 18. Na4 Qc6 19. Nb6 Re8 20. d5 Qc7 21. f3 h6 22. Rac1 g5 23. Be3 Kh7
24. Bd3 Bg6 25. Bxg6+ fxg6 26. Na4 Nd7 27. Nc3 Nc5 28. Qc2 e6 29. dxe6 Rxe6 30.
Nd5 Qc6 31. Rfe1 Rhe8 32. b3 b5 33. Bf2 a5 34. Rxe6 Rxe6 35. Re1 Rxe1+ 36. Bxe1
a4 37. Qxg6+ Kxg6 38. Ne7+ Kf7 39. Nxc6 axb3 40. axb3 bxc4 41. bxc4 h5 42. Bd2
Bf6 43. Kf2 Ke6 44. Ke3 Nb3 45. Kd3 Nxd2 46. Kxd2 d5 47. cxd5+ Kxd5 48. Nb4+
Ke6 49. Ke3 Ke5 50. Nc6+ Kd5 51. Nb4+ Ke5 52. Nd3+ Kf5 53. Nf2 Be5 54. g3 h4
55. g4+ Kf6 56. Ne4+ Kg6 57. h3 Bf4+ 58. Kd4 Kf7 59. Kd5 Ke7 60. Nf2 Kd7 61.
Nd3 Bg3 62. Ke4 Ke6 63. f4 gxf4 64. Nxf4+ Kf7 65. Kf5 Bf2 66. Ng2 Kg7 67. Kg5
1-0

[Event "Miedzywojewodzkie Mistrzostwa Juniorow O"]
[Site "Pokrzywna"]
[Date "2025.??.??"]
[Round "1.3"]
[White "Krotava, Palina"]
[Black "Tempich, Wiktoria"]
[Result "1-0"]
[WhiteElo "1651"]
[BlackElo "1515"]
[PlyCount "121"]
[EventDate "2025.??.??"]

{[%evp 0,99,37,32,45,45,25,4,4,-35,-15,-35,-34,-70,-20,-16,28,13,39,-76,-72,
-113,37,14,12,-11,16,13,17,14,64,53,53,21,62,2,-1,-20,27,3,85,85,85,85,110,114,
174,174,174,177,176,179,167,152,152,166,178,185,177,130,125,119,105,112,150,
143,187,189,187,236,253,214,210,212,212,212,249,236,251,240,254,271,260,242,
245,250,253,255,255,227,1102,1102,1294,1335,29971,29972,29973,29974,29975,2217,
29973,2297]} 1. e4 e5 2. Nf3 Nc6 3. d4 exd4 4. Bc4 Nf6 5. e5 d5 6. Bb5 Nd7 7.
O-O Bc5 8. Bxc6 bxc6 9. Re1 O-O 10. Bg5 Be7 11. Bxe7 Qxe7 12. Qxd4 Re8 13. Nbd2
Qc5 14. Qd3 a5 15. Nb3 Qb5 16. Qc3 Bb7 17. a4 Qb4 18. Qd3 c5 19. Qf5 Bc6 20.
Ng5 Nf6 21. Nxc5 h6 22. Nd3 Qg4 23. Qxg4 Nxg4 24. Nf3 h5 25. Nd4 Bd7 26. h3 Nh6
27. Nf4 c6 28. Nxh5 Nf5 29. Nxf5 Bxf5 30. Rac1 Rab8 31. b3 Be4 32. f4 Re6 33.
Ng3 f5 34. exf6 gxf6 35. f5 Re5 36. Nxe4 dxe4 37. g4 Kh7 38. Kg2 Rd8 39. Re2
Rd4 40. Rce1 c5 41. c3 Rd3 42. Rxe4 Rxe4 43. Rxe4 Rxc3 44. Rc4 Rxc4 45. bxc4
Kh6 46. Kg3 Kg5 47. h4+ Kh6 48. Kf4 Kg7 49. g5 fxg5+ 50. hxg5 Kf7 51. Ke5 Kg7
52. Ke6 Kf8 53. f6 Ke8 54. g6 Kf8 55. g7+ Kg8 56. f7+ Kxg7 57. Ke7 Kh6 58.
f8=Q+ Kh5 59. Qg7 Kh4 60. Kf6 Kh5 61. Qg5# 1-0

[Event "Miedzywojewodzkie Mistrzostwa Juniorow O"]
[Site "Pokrzywna"]
[Date "2025.??.??"]
[Round "1.4"]
[White "Podolecka, Maria"]
[Black "Smolinska, Katarzyna"]
[Result "1-0"]
[WhiteElo "1485"]
[BlackElo "1462"]
[PlyCount "181"]
[EventDate "2025.??.??"]

{[%evp 0,181,25,-6,15,26,26,9,25,8,14,14,28,9,5,0,6,0,10,-11,-34,-32,-17,-41,
-27,-35,-21,-27,-19,-58,-60,-63,-79,-65,-78,-78,-36,-39,-35,-52,-48,-56,-73,
-71,-71,-99,-9,-5,-67,-62,-45,-89,-70,-98,-56,-74,0,-27,-27,-138,-143,-157,
-171,-174,-162,-178,-184,-170,-164,-169,-176,-176,-125,-137,-117,-126,-113,
-112,-116,-113,-110,-120,-112,-112,-104,-111,-114,-129,-115,-135,-137,-130,
-119,-106,-22,-13,-9,-10,0,-10,0,-13,0,0,0,0,0,0,0,3,5,0,5,0,5,0,4,4,13,7,7,7,
13,7,7,4,7,3,4,3,7,4,7,7,7,3,3,3,7,7,7,7,7,4,7,3,3,3,3,3,3,0,3,3,3,0,3,0,0,0,0,
0,0,0,0,0,0,0,0,0,0,0,0,0,0,0,1016,1022,29991,29992,29993,29994,29995,29996]} 
1. c4 c5 2. Nc3 Nc6 3. g3 g6 4. Bg2 Bg7 5. Nf3 Nf6 6. O-O O-O 7. d3 d6 8. Be3
Bf5 9. Qd2 Ng4 10. Rac1 Nxe3 11. Qxe3 Re8 12. Qd2 Qd7 13. a3 e6 14. e4 Bg4 15.
h3 Bxf3 16. Bxf3 Nd4 17. Qe3 Nxf3+ 18. Qxf3 a6 19. Rc2 b5 20. Rd1 b4 21. axb4
cxb4 22. Ne2 b3 23. Rcc1 a5 24. d4 a4 25. Kh2 Reb8 26. Ra1 Qc7 27. Qd3 Qa5 28.
Nc3 Qb4 29. Ra3 Rc8 30. Rda1 Qxc4 31. Qxc4 Rxc4 32. Rxa4 Raxa4 33. Rxa4 Rxa4
34. Nxa4 Bxd4 35. Kg2 d5 36. exd5 exd5 37. Kf3 f5 38. Ke2 Kf7 39. f3 Bg7 40.
Nc5 Bxb2 41. Nxb3 Ke6 42. Kd3 Ke5 43. Nc5 Ba3 44. Nd7+ Ke6 45. Nb6 h5 46. Kd4
Kd6 47. Nxd5 Bb2+ 48. Kc4 g5 49. Nb4 Be5 50. g4 hxg4 51. hxg4 fxg4 52. fxg4 Bh2
53. Kd4 Bf4 54. Ke4 Ke6 55. Nd5 Bc1 56. Nc3 Kf6 57. Nb5 Kg6 58. Ke5 Bf4+ 59.
Ke6 Bd2 60. Nc7 Bf4 61. Nd5 Bd2 62. Ne7+ Kh6 63. Kf5 Kg7 64. Nc6 Kh6 65. Nd4
Be3 66. Ne6 Bd2 67. Nd8 Kg7 68. Ne6+ Kh6 69. Kf6 Bc1 70. Nd8 Bb2+ 71. Kf5 Bc1
72. Nf7+ Kg7 73. Nxg5 Kh6 74. Ne6 Kh7 75. Nf4 Kg7 76. Nh5+ Kh6 77. Nf4 Kg7 78.
g5 Bxf4 79. Kxf4 Kg6 80. Kg4 Kg7 81. Kh5 Kh7 82. g6+ Kg7 83. Kg5 Kg8 84. Kh6
Kh8 85. Kh5 Kg8 86. Kg5 Kg7 87. Kf5 Kf8 88. Kf6 Kg8 89. g7 Kh7 90. Kf7 Kh6 91.
g8=Q 1-0

[Event "Miedzywojewodzkie Mistrzostwa Juniorow O"]
[Site "Pokrzywna"]
[Date "2025.??.??"]
[Round "2.1"]
[White "Tempich, Wiktoria"]
[Black "Podolecka, Maria"]
[Result "1-0"]
[WhiteElo "1515"]
[BlackElo "1485"]
[PlyCount "141"]
[EventDate "2025.??.??"]

{[%evp 0,141,18,-6,-17,-18,57,32,40,15,12,10,35,35,23,-8,47,10,5,5,100,82,104,
14,9,-11,-28,-45,-45,-77,-6,-9,-4,-32,-16,-18,-21,-33,-18,-4,-6,-7,-7,5,3,2,2,
2,2,2,7,6,3,2,12,12,25,12,12,20,51,51,57,73,73,73,66,71,73,44,493,725,942,992,
1002,1012,1076,1149,1174,1154,1223,982,990,1002,1002,1002,1002,1002,1002,1002,
1002,1002,1002,1022,1132,1002,1022,1250,1444,1444,1444,1444,1273,1032,1032,
1032,1032,1462,29969,1853,29981,29982,29983,29984,29991,29986,29991,29986,
29989,29990,29991,29986,29995,29986,29989,29990,29991,29988,29989,29990,29991,
29990,29991,29990,29991,29992,29993,29994,29995,29996,29997,29998,29999,-30000]
} 1. c4 Nf6 2. Nc3 g6 3. Nf3 Bg7 4. g3 O-O 5. Bg2 d6 6. O-O e5 7. d3 c6 8. e4
Be6 9. Be3 d5 10. cxd5 cxd5 11. exd5 Nxd5 12. Nxd5 Bxd5 13. Qd2 Nc6 14. Bh6 e4
15. dxe4 Bxe4 16. Qxd8 Rfxd8 17. Bxg7 Kxg7 18. Rfd1 Rxd1+ 19. Rxd1 Rd8 20. Rxd8
Nxd8 21. Nd4 Bxg2 22. Kxg2 Kf6 23. Kf3 Ke5 24. Ke3 Nc6 25. Nxc6+ bxc6 26. f4+
Kf5 27. Kf3 h6 28. g4+ Ke6 29. Ke4 f6 30. b4 f5+ 31. gxf5+ gxf5+ 32. Kd4 Kd6
33. h3 h5 34. h4 a6 35. a3 Ke6 36. Kc5 Kd7 37. Kb6 Kd6 38. Kxa6 Kd5 39. Kb6 Ke4
40. a4 Kxf4 41. a5 Kg3 42. a6 f4 43. a7 f3 44. a8=Q f2 45. Qg8+ Kh2 46. Qf7 Kg2
47. Qg6+ Kh2 48. Qf6 Kg2 49. Qxc6+ Kh2 50. Qf6 Kg2 51. b5 f1=Q 52. Qxf1+ Kxf1
53. Kc5 Kg2 54. b6 Kg3 55. b7 Kxh4 56. b8=Q Kh3 57. Qb1 h4 58. Qh1+ Kg3 59. Kd4
h3 60. Ke3 h2 61. Ke2 Kh3 62. Kf3 Kh4 63. Qxh2+ Kg5 64. Qf4+ Kg6 65. Qe5 Kf7
66. Qd6 Kg7 67. Kf4 Kh7 68. Kg5 Kg7 69. Qe7+ Kh8 70. Kg6 Kg8 71. Qe8# 1-0

[Event "Miedzywojewodzkie Mistrzostwa Juniorow O"]
[Site "Pokrzywna"]
[Date "2025.??.??"]
[Round "2.2"]
[White "Bednarczuk, Alicja"]
[Black "Krotava, Palina"]
[Result "0-1"]
[WhiteElo "1410"]
[BlackElo "1651"]
[PlyCount "114"]
[EventDate "2025.??.??"]

{[%evp 0,114,16,28,77,56,69,66,52,58,74,20,73,26,32,20,27,9,12,24,48,26,33,71,
99,117,90,98,99,56,174,127,168,12,171,37,26,-88,81,62,41,39,39,39,31,30,68,-19,
36,18,24,61,322,245,245,245,283,115,115,63,101,64,65,57,30,30,30,30,56,22,50,
27,61,57,42,29,64,-9,31,7,53,18,53,-36,-39,-46,-15,-20,0,0,0,0,0,-20,-29,-124,
-124,-124,-124,-136,-134,-138,-107,-117,-38,-109,-99,-105,-105,-190,-197,-445,
-445,-413,-443,-727,-727]} 1. d4 f5 2. Nc3 Nf6 3. Bf4 e6 4. e3 d5 5. Qd2 c6 6.
f3 Be7 7. Nge2 Nbd7 8. h3 Nh5 9. Bh2 Qb6 10. Rb1 O-O 11. g4 fxg4 12. hxg4 Nhf6
13. Bf4 c5 14. Ng3 c4 15. Qh2 h6 16. Nh5 Kf7 17. g5 hxg5 18. Bxg5 Rg8 19. Nxf6
Nxf6 20. Bxf6 Bxf6 21. Qh5+ Ke7 22. Bh3 Qc7 23. f4 Bd7 24. Qf3 b5 25. f5 Qc6
26. fxe6 Bxe6 27. Bxe6 Kxe6 28. Qg4+ Ke7 29. Qf5 Rad8 30. Kd2 b4 31. Ne2 Qe6
32. Qxe6+ Kxe6 33. Nf4+ Kf7 34. Rh7 Bg5 35. Rf1 Bf6 36. Rh3 Rd6 37. Rh2 a5 38.
Kc1 a4 39. Rh5 Rgd8 40. Rh7 Kg8 41. Rfh1 g5 42. Ng6 R6d7 43. R7h6 Kf7 44. Ne5+
Bxe5 45. dxe5 Re7 46. Rh7+ Ke8 47. Rxe7+ Kxe7 48. Rh7+ Ke6 49. Rg7 Kf5 50. Kd2
Re8 51. Ke2 Kg4 52. Kf2 Rxe5 53. Rg6 Rf5+ 54. Ke2 Kg3 55. Rg7 Rf2+ 56. Kd1 g4
57. Rg5 Kf3 0-1

[Event "Miedzywojewodzkie Mistrzostwa Juniorow O"]
[Site "Pokrzywna"]
[Date "2025.??.??"]
[Round "2.3"]
[White "Sokola, Julia"]
[Black "Staszczyszyn, Marta"]
[Result "0-1"]
[WhiteElo "1419"]
[BlackElo "1527"]
[PlyCount "72"]
[EventDate "2025.??.??"]

{[%evp 0,72,16,28,36,55,78,15,14,36,11,49,58,4,53,53,80,41,28,35,34,47,41,38,
38,13,6,6,6,-164,-164,-259,-259,-259,-259,-237,0,0,0,-906,-879,-879,-879,-892,
-888,-997,-1159,-1235,-1192,-1137,-1192,-1582,-1212,-1507,-1361,-1607,-1265,
-1603,-1967,-29991,-29986,-29987,-29988,-29989,-29990,-29991,-29992,-29993,
-29992,-29993,-29992,-29997,-29998,-29999,-30000]} 1. e4 c5 2. Nf3 a6 3. c3 d5
4. exd5 Qxd5 5. d4 e6 6. Be2 Nf6 7. O-O Be7 8. Be3 cxd4 9. cxd4 O-O 10. Nc3 Qd6
11. Ne5 Nc6 12. f4 Rd8 13. Nc4 Qc7 14. b3 b5 15. Ne5 Nxe5 16. fxe5 Qxc3 17. Bd3
Nd5 18. Rc1 Qb4 19. Bd2 Qxd4+ 20. Kh1 Qxd3 21. Rf3 Qe4 22. Rh3 Nf4 23. Rg3 Nd3
24. Qf1 Nxc1 25. Bxc1 Qxe5 26. Re3 Qh5 27. Re1 Bb7 28. Bb2 Rd2 29. Qf4 Bxg2+
30. Kg1 Bc5+ 31. Bd4 Bxd4+ 32. Qxd4 Rxd4 33. Kxg2 Rd2+ 34. Kg3 Rc8 35. Rf1 Rc3+
36. Rf3 Rxf3# 0-1

[Event "Miedzywojewodzkie Mistrzostwa Juniorow O"]
[Site "Pokrzywna"]
[Date "2025.??.??"]
[Round "3.2"]
[White "Krotava, Palina"]
[Black "Sokola, Julia"]
[Result "1-0"]
[WhiteElo "1651"]
[BlackElo "1419"]
[PlyCount "97"]
[EventDate "2025.??.??"]

{[%evp 0,97,16,28,46,16,17,-9,27,11,10,10,10,-13,17,-21,-20,-20,-30,-36,23,-64,
-56,-76,-56,-35,-35,-56,-34,-22,-11,-4,6,6,6,-19,-6,9,13,11,19,17,60,64,64,46,
59,60,66,54,74,76,77,75,182,104,168,168,290,129,203,301,653,679,774,789,935,
892,1145,1189,1206,1232,1259,1267,1270,1208,1485,1589,1746,1846,2295,2331,2510,
29986,29987,29988,29991,29992,29993,29994,29995,29994,29997,29996,29997,29996,
29997,29996,29999,-30000]} 1. e4 c5 2. Be2 Nc6 3. f4 g6 4. Nf3 Bg7 5. d3 e6 6.
O-O Nge7 7. Qe1 O-O 8. Nc3 d5 9. Qh4 Nd4 10. Nxd4 cxd4 11. Nb1 Nc6 12. Qxd8
Rxd8 13. e5 Nb4 14. Bd1 b6 15. Nd2 Ba6 16. a3 Nc6 17. Bg4 Rac8 18. Nf3 Re8 19.
Re1 Rc7 20. b3 Rce7 21. Bb2 f6 22. Bxd4 Nxd4 23. Nxd4 fxe5 24. fxe5 Bc8 25. a4
Rf7 26. Nb5 Rf4 27. Bh3 Re7 28. a5 Rb4 29. Nd6 Bd7 30. axb6 axb6 31. Ra8+ Bf8
32. Rf1 Kg7 33. Raxf8 Rh4 34. R8f7+ Rxf7 35. Rxf7+ Kh6 36. Rxd7 Rh5 37. d4 b5
38. Bxe6 b4 39. Bg8 Kg5 40. e6 Kh4 41. Rxh7 Rxh7 42. Bxh7 g5 43. e7 g4 44. e8=Q
g3 45. Qe7+ Kg4 46. Bf5+ Kh5 47. Qh7+ Kg5 48. Qg7+ Kf4 49. Qxg3# 1-0

[Event "Miedzywojewodzkie Mistrzostwa Juniorow O"]
[Site "Pokrzywna"]
[Date "2025.??.??"]
[Round "3.3"]
[White "Podolecka, Maria"]
[Black "Bednarczuk, Alicja"]
[Result "0-1"]
[WhiteElo "1485"]
[BlackElo "1410"]
[PlyCount "138"]
[EventDate "2025.??.??"]

{[%evp 0,104,19,30,80,53,39,-19,84,4,22,15,3,10,-23,-24,2,-24,28,-48,-12,-27,
-8,-13,-8,-40,-46,-40,-49,-66,-58,-66,-54,-70,-69,-67,-57,-61,-62,-80,-65,-77,
-87,-107,-107,-114,-126,-142,-144,-222,-222,-222,-160,-222,-211,-216,-208,-204,
-220,-198,-203,-201,-204,-190,-190,-254,-137,-147,-134,-149,-114,-114,-114,
-114,-114,-128,-102,-145,-196,-196,-158,-150,-175,-175,-175,-202,-196,-321,
-237,-867,-931,-830,-830,-853,-924,-765,-844,-765,-868,-1012,-1002,-1070,-1219,
-1237,-1159,-1308,-1265]} 1. d4 c5 2. Nf3 cxd4 3. Nxd4 g6 4. e3 Bg7 5. Be2 Nc6
6. Nxc6 bxc6 7. O-O d6 8. Nd2 Bf5 9. Bg4 Qd7 10. Bxf5 Qxf5 11. c3 Nf6 12. Qf3
Qxf3 13. Nxf3 O-O 14. Rb1 a5 15. a4 c5 16. Nd2 Rfb8 17. Rd1 Nd5 18. Ra1 Nb6 19.
Ra2 Rb7 20. Kf1 d5 21. Nb3 Rc7 22. f3 e6 23. Bd2 Nc4 24. Ke2 Rb8 25. Na1 Rcb7
26. Rb1 Nxb2 27. Nc2 Nc4 28. Rxb7 Rxb7 29. Na3 Nxa3 30. Rxa3 c4 31. e4 Kf8 32.
Bf4 Rb3 33. Rxb3 cxb3 34. Kd3 b2 35. Kc2 Bxc3 36. Bd6+ Ke8 37. Ba3 Kd7 38. Bxb2
Bxb2 39. Kxb2 Kc6 40. exd5+ Kxd5 41. Kc3 Kc5 42. f4 f6 43. g3 e5 44. h3 exf4
45. gxf4 h6 46. Kd3 f5 47. h4 Kb4 48. Kd4 Kxa4 49. Ke5 Kb3 50. Kf6 a4 51. Kxg6
a3 52. Kxf5 a2 53. Kg6 a1=Q 54. f5 Qa8 55. Kxh6 Qg8 56. h5 Kc4 57. f6 Kd5 58.
f7 Qxf7 59. Kg5 Qh7 60. Kg4 Qh6 61. Kh4 Ke5 62. Kg4 Ke4 63. Kg3 Qxh5 64. Kg2
Qg4+ 65. Kf2 Qh3 66. Kg1 Qf3 67. Kh2 Qg4 68. Kh1 Kf3 69. Kh2 Qg2# 0-1

[Event "Miedzywojewodzkie Mistrzostwa Juniorow O"]
[Site "Pokrzywna"]
[Date "2025.??.??"]
[Round "3.4"]
[White "Smolinska, Katarzyna"]
[Black "Tempich, Wiktoria"]
[Result "0-1"]
[WhiteElo "1462"]
[BlackElo "1515"]
[PlyCount "140"]
[EventDate "2025.??.??"]

1. d4 d5 2. c4 e6 3. Nc3 Nf6 4. Bg5 Nbd7 5. Nf3 c6 6. e3 Qa5 7. a3 Ne4 8. Qc2
Nxg5 9. Nxg5 dxc4 10. Nxh7 Be7 11. f4 Qh5 12. Ng5 Bxg5 13. fxg5 Qxg5 14. Qf2 b5
15. a4 Ba6 16. axb5 Bxb5 17. Ra5 Nb6 18. Ne4 Qh4 19. Qxh4 Rxh4 20. Nd6+ Ke7 21.
Nxb5 Rh5 22. Rxa7+ Rxa7 23. Nxa7 Kd7 24. Be2 Ra5 25. Nxc6 Ra1+ 26. Bd1 Kxc6 27.
h4 Na4 28. g4 Nxb2 29. Kd2 Nxd1 30. Rxd1 Ra2+ 31. Kc3 Rh2 32. Kxc4 Rxh4 33. Rg1
Rh3 34. e4 Ra3 35. Kb4 Re3 36. e5 Kd5 37. Rf1 Rd3 38. Rxf7 Rxd4+ 39. Kc3 Rxg4
40. Re7 Kxe5 41. Kd3 g6 42. Ke3 Rg3+ 43. Kf2 Rg5 44. Kf3 Kd4 45. Rxe6 Kd5 46.
Re8 Kd6 47. Rg8 Ke7 48. Kf4 Rg1 49. Rh8 Kf6 50. Rh6 Rb1 51. Kg4 Rb4+ 52. Kf3
Kg5 53. Rh8 Rb3+ 54. Ke4 Kg4 55. Ke5 g5 56. Rg8 Kh4 57. Kf5 Rb5+ 58. Ke4 g4 59.
Kf4 Rb4+ 60. Ke3 Kg3 61. Ke2 Kg2 62. Ke1 g3 63. Ke2 Rb3 64. Ke1 Kg1 65. Ke2 g2
66. Rg4 Rb2+ 67. Kf3 Rf2+ 68. Kg3 Kf1 69. Kh3 g1=Q 70. Rxg1+ Kxg1 0-1

[Event "Miedzywojewodzkie Mistrzostwa Juniorow O"]
[Site "Pokrzywna"]
[Date "2025.??.??"]
[Round "4.1"]
[White "Bednarczuk, Alicja"]
[Black "Smolinska, Katarzyna"]
[Result "1-0"]
[WhiteElo "1410"]
[BlackElo "1462"]
[PlyCount "65"]
[EventDate "2025.??.??"]

{[%evp 0,65,16,28,35,22,16,24,43,43,89,34,23,10,4,-9,11,-25,-31,-73,-70,-207,
-62,-241,-246,-208,-221,-196,-134,-137,-142,-142,-133,-133,-129,-125,-113,-97,
-93,-109,-59,-79,-53,-107,-66,-56,-66,-54,-18,-19,-51,-49,-11,-11,61,70,151,
105,207,196,310,363,328,368,892,892,1149,341]} 1. d4 Nf6 2. Nc3 d5 3. Bf4 a6 4.
e3 b5 5. f3 e6 6. g4 Bb7 7. h4 Nbd7 8. Bd3 c5 9. Bg3 Be7 10. f4 h6 11. Rh3 c4
12. Be2 b4 13. Nb1 a5 14. g5 Ne4 15. Nd2 Nxg3 16. Rxg3 hxg5 17. hxg5 Rc8 18.
Rh3 Rxh3 19. Nxh3 g6 20. Kf2 a4 21. Qg1 Nb6 22. Nf3 Qc7 23. Qg3 Bf8 24. Qh4 Nd7
25. Qh8 c3 26. b3 a3 27. Rh1 Qd6 28. Nhg1 Qe7 29. Bd3 Qd6 30. Rh7 Kd8 31. Rxf7
Rc7 32. Ne5 Ke8 33. Rh7 1-0

[Event "Miedzywojewodzkie Mistrzostwa Juniorow O"]
[Site "Pokrzywna"]
[Date "2025.??.??"]
[Round "4.2"]
[White "Sokola, Julia"]
[Black "Podolecka, Maria"]
[Result "1-0"]
[WhiteElo "1419"]
[BlackElo "1485"]
[PlyCount "45"]
[EventDate "2025.??.??"]

{[%evp 0,45,19,31,72,53,112,95,116,55,55,41,96,65,67,40,40,31,35,20,18,18,18,
23,35,-5,74,75,94,-56,-56,-67,-65,-58,89,118,162,97,489,504,553,447,432,432,
29997,29998,29999,-30000]} 1. e4 c5 2. Nf3 d6 3. d4 cxd4 4. Nxd4 Nf6 5. Nc3 g6
6. Be3 Bg7 7. f3 O-O 8. Qd2 Nc6 9. g4 Nxd4 10. Bxd4 Be6 11. O-O-O Qa5 12. a3 b5
13. Bxb5 Rab8 14. h4 Rxb5 15. Nxb5 Qxb5 16. h5 Nxe4 17. fxe4 Bxg4 18. Bxg7 Bxd1
19. Bxf8 Bf3 20. Qh6 Qe5 21. hxg6 Bxh1 22. Qxh7+ Kxf8 23. Qxf7# 1-0

[Event "Miedzywojewodzkie Mistrzostwa Juniorow O"]
[Site "Pokrzywna"]
[Date "2025.??.??"]
[Round "4.4"]
[White "Nowara, Hanna"]
[Black "Staszczyszyn, Marta"]
[Result "0-1"]
[WhiteElo "1439"]
[BlackElo "1527"]
[PlyCount "116"]
[EventDate "2025.??.??"]

{[%evp 0,116,26,18,86,-2,-4,-19,-25,-25,-33,-33,30,24,24,-4,-4,-15,-17,-29,-25,
-35,-12,-15,-23,-33,-12,-12,-2,-11,-5,3,3,-26,34,34,28,12,20,16,53,53,53,50,46,
29,29,20,26,4,0,-14,-14,-14,0,-34,-36,-36,-31,-31,2,-31,-31,-28,-29,-30,-29,
-46,-51,-49,-66,-74,-84,-85,-79,-120,-120,-126,-123,-141,-215,-519,-574,-1218,
-1204,-2099,-2144,-29973,-29982,-29983,-29976,-29983,-29980,-29981,-29982,
-29983,-29984,-29983,-29982,-29991,-29988,-29989,-29982,-29997,-29988,-29989,
-29988,-29989,-29990,-29991,-29992,-29993,-29994,-29995,-29996,-29997,-29998,
-29999,-30000]} 1. e4 c5 2. c3 d5 3. exd5 Qxd5 4. d4 Nf6 5. Nf3 e6 6. Be3 cxd4
7. Qxd4 Nc6 8. Qxd5 Nxd5 9. Bd2 a6 10. Bd3 Be7 11. O-O O-O 12. c4 Ndb4 13. Be4
f5 14. Bxc6 Nxc6 15. Nc3 Bf6 16. Rfe1 Nd4 17. Nxd4 Bxd4 18. h3 Bd7 19. Rad1
Rad8 20. Ne2 Bf6 21. Ba5 Ba4 22. b3 Rxd1 23. Rxd1 Bc6 24. Nf4 Re8 25. Re1 Kf7
26. Nd3 e5 27. Bc3 e4 28. Bxf6 Kxf6 29. Nb4 Re6 30. Kf1 Rd6 31. Nxc6 bxc6 32.
Ke2 g6 33. Rd1 Rxd1 34. Kxd1 Ke5 35. Ke2 Kd4 36. Kd2 f4 37. Kc2 e3 38. fxe3+
fxe3 39. g4 g5 40. a3 c5 41. b4 cxb4 42. axb4 Kxc4 43. b5 axb5 44. Kd1 b4 45.
Ke2 b3 46. Kxe3 b2 47. Ke4 b1=Q+ 48. Ke5 Kc5 49. Kf6 Qg6+ 50. Ke5 Qh6 51. Kf5
Qxh3 52. Kf6 Qxg4 53. Kg7 Qe6 54. Kh8 Qd7 55. Kg8 Kd6 56. Kh8 Ke6 57. Kg8 Kf6
58. Kh8 Qg7# 0-1

[Event "Miedzywojewodzkie Mistrzostwa Juniorow O"]
[Site "Pokrzywna"]
[Date "2025.??.??"]
[Round "5.1"]
[White "Krotava, Palina"]
[Black "Nowara, Hanna"]
[Result "1-0"]
[WhiteElo "1651"]
[BlackElo "1439"]
[PlyCount "49"]
[EventDate "2025.??.??"]

{[%evp 0,49,16,28,30,14,64,54,68,54,119,110,114,103,111,74,80,50,71,64,154,146,
158,95,126,122,112,86,86,91,84,84,92,96,95,88,108,107,112,116,144,153,157,167,
250,239,609,599,29997,29998,29999,-30000]} 1. d4 e6 2. Bf4 f5 3. e3 Nf6 4. Nf3
c6 5. Bd3 d5 6. Nbd2 Bd6 7. Ne5 Nbd7 8. c3 O-O 9. Nxc6 bxc6 10. Bxd6 Re8 11.
Bg3 Ne4 12. Nf3 Rf8 13. Bxe4 fxe4 14. Ne5 Nxe5 15. Bxe5 Ba6 16. Qg4 Qe7 17. Qg3
Qf7 18. h4 h6 19. h5 Kh7 20. Rh4 Rg8 21. O-O-O Be2 22. Rdh1 Raf8 23. Rf4 Qe7
24. Qg6+ Kh8 25. Qxh6# 1-0